00528nam a22001817a 450000500170000000800410001702000180005804000210007604100080009708200210010510000310012624500590015725000120021626000410022830000100026965000210027965000460030020210122144104.0210122b ||||| |||| 00| 0 eng d a9788127239763 aIN-DiNCcIN-DiNC dasm a398.0954162bBAR aBarman, Sarbanandaeauthor aAsamar bhinna gusthir sanskriti/cby Sarbananda Barman a1st ed. aLudhiana:bKalyani publishers,c2007 a240p. aCulture of Assam aCulture of different communities of Assam